Normal view
MARC view
- علامہ اقبال کے چند نادر و نا یاب خطوط
Entry Uniform Title
001 - CONTROL NUMBER
- control field: 1653
003 - CONTROL NUMBER IDENTIFIER
- control field: NUST
005 - DATE AND TIME OF LATEST TRANSACTION
- control field: 20170530134255.0
008 - FIXED-LENGTH DATA ELEMENTS
- fixed length control field: 170530|| aca||aabn | a|a d
040 ## - CATALOGING SOURCE
- Original cataloging agency: NUST
- Transcribing agency: NUST
130 ## - HEADING--UNIFORM TITLE
- Uniform title: علامہ اقبال کے چند نادر و نا یاب خطوط
670 ## - SOURCE DATA FOUND
- Source citation: Work cat.: (NUST)3064: Ḍr Nadīm Shafīq Malik. 1652, علامہ اقبال کے چند نادر و نا یاب خطوط, 2015
